01429nam a2200265 a 4500001001000000005001700010008004100027041000800068044000700076084002000083100004500103245009500148260003500243300002200278440004600300500020300346500033300549500003400882500001000916650005200926650005600978650003401034650004501068740005001113BRCA_268120190320203924.0021208s1885----sp-a---###---#000-0#spa-u aspa asp a204b.C66c18851 aCervantes Saavedra, Miguel ded1547-161610aEl Ingenioso Hidalgo Don Quijote de la Manchaccompuesto por Miguel de Cervantes Saavedra. aZaragozabComas hermanosc1885 a2 v.bil.c11 cm. 0aBiblioteca de publicaciones microscopicas aContenido : v 1. Primera parte. Retrato de Cervantes. Dedicatoria del autor. Prólogo del autor. Versos preliminares. Texto. -- v 2. Segunda parte. Dedicatoria del autor. Prólogo del autor. Texto aEdición microscópica, pero de tipos claros y legibles. Las láminas y el retrato de Cervantes son de la suntuosa edición de Espasa, reducidos a menor tamaño. Las variantes están tomadas, en su mayoría, de las ediciones académicas. Tela; planos decorados con figuras y un asunto cervantino dorados Lúdovik Osterc aIncluye indice : De variantes aQM19514aNovela españolayÉpoca clásica, 1500-170014aLiteratura españolayÉpoca clásica, 1500-170014aNovela españolaySiglo XVII14aDon Quijote (Personaje ficticio)eNovela0 aEl Ingenioso Hidalgo Don Quijote de la Mancha